Medaliści Mistrzostw Europy w Siatkówce - Statystyki

Ogólne statystyki
  • Ten quiz został rozwiązany 288 razy
    250 od ostatniego zresetowania
  • Średni wynik to 87 z 99
Statystyki odpowiedzi
Rok Reprezentacja % Poprawnych
2021 III Miejsce Polska
100%
1967 III Miejsce Polska
100%
1975 II Miejsce Polska
100%
1977 II Miejsce Polska
100%
1979 II Miejsce Polska
100%
1981 II Miejsce Polska
100%
1983 II Miejsce Polska
100%
2009 I Miejsce Polska
100%
2011 III Miejsce Polska
100%
2019 III Miejsce Polska
100%
2023 I Miejsce Polska
100%
1989 I Miejsce Włochy
99%
1991 II Miejsce Włochy
99%
1993 I Miejsce Włochy
99%
1995 I Miejsce Włochy
99%
1997 III Miejsce Włochy
99%
1999 I Miejsce Włochy
99%
2001 II Miejsce Włochy
99%
2003 I Miejsce Włochy
99%
2005 I Miejsce Włochy
99%
2011 II Miejsce Włochy
99%
2015 III Miejsce Włochy
99%
2021 I Miejsce Włochy
99%
1948 III Miejsce Włochy
99%
2023 II Miejsce Włochy
99%
1948 II Miejsce Francja
98%
1951 III Miejsce Francja
98%
1985 III Miejsce Francja
98%
1987 II Miejsce Francja
98%
2003 II Miejsce Francja
98%
2009 II Miejsce Francja
98%
2015 I Miejsce Francja
98%
2013 II Miejsce Niemcy
95%
2017 II Miejsce Niemcy
95%
1993 III Miejsce Rosja
95%
1999 II Miejsce Rosja
95%
2001 III Miejsce Rosja
95%
2003 III Miejsce Rosja
95%
2005 II Miejsce Rosja
95%
2007 II Miejsce Rosja
95%
2013 I Miejsce Rosja
95%
2017 I Miejsce Rosja
95%
2015 II Miejsce Słowenia
93%
2019 II Miejsce Słowenia
93%
2021 II Miejsce Słowenia
93%
2023 III Miejsce Słowenia
93%
2007 III Miejsce Serbia
92%
2011 I Miejsce Serbia
92%
2013 III Miejsce Serbia
92%
2017 III Miejsce Serbia
92%
2019 I Miejsce Serbia
92%
2007 I Miejsce Hiszpania
86%
1989 III Miejsce Holandia
85%
1991 III Miejsce Holandia
85%
1993 II Miejsce Holandia
85%
1995 II Miejsce Holandia
85%
1997 I Miejsce Holandia
85%
1951 I Miejsce ZSRR
82%
1958 III Miejsce ZSRR
82%
1963 III Miejsce ZSRR
82%
1967 I Miejsce ZSRR
82%
1971 I Miejsce ZSRR
82%
1975 I Miejsce ZSRR
82%
1977 I Miejsce ZSRR
82%
1979 I Miejsce ZSRR
82%
1981 I Miejsce ZSRR
82%
1983 I Miejsce ZSRR
82%
1985 I Miejsce ZSRR
82%
1987 I Miejsce ZSRR
82%
1991 I Miejsce ZSRR
82%
1950 I Miejsce ZSRR
82%
1951 II Miejsce Bułgaria
80%
1981 III Miejsce Bułgaria
80%
1983 III Miejsce Bułgaria
80%
2009 III Miejsce Bułgaria
80%
1948 I miejsce Czechosłowacja
80%
1950 II Miejsce Czechosłowacja
80%
1955 I Miejsce Czechosłowacja
80%
1958 I Miejsce Czechosłowacja
80%
1967 II Miejsce Czechosłowacja
80%
1971 II Miejsce Czechosłowacja
80%
1985 II Miejsce Czechosłowacja
80%
1955 III Miejsce Bułgaria
80%
2001 I Miejsce Jugosławia
76%
1975 III Miejsce Jugosławia
76%
1979 III Miejsce Jugosławia
76%
1995 III Miejsce Jugosławia
76%
1997 II Miejsce Jugosławia
76%
1999 III Miejsce Jugosławia
76%
1955 II Miejsce Rumunia
73%
1958 II Miejsce Rumunia
73%
1963 I Miejsce Rumunia
73%
1971 III Miejsce Rumunia
73%
1977 III Miejsce Rumunia
73%
1987 III Miejsce Grecja
72%
1950 II Miejsce Węgry
68%
1963 II Miejsce Węgry
68%
1989 II Miejsce Szwecja
58%
2005 III Miejsce Serbia i Czarnogóra
22%
Nie znaleziono quizów pasujących do podanych kryteriów
Rozkład punktacji
Procent ludzi z każdym wynikiem
Percentyl według liczby udzielonych odpowiedzi
Twoja historia wyników
Nie rozwiązałeś tego quizu od ostatniego zresetowania